If you touch them they vanish /

Bibliographic Details
Main Author: Morris, Gouverneur, 1876-1953
Format: Book
Language:English
Published: New York : C. Scribner's Sons, 1913.

MARC

Tag First Indicator Second Indicator Subfields
LEADER 00000cam a2200000 4500
001 in00000049681
005 20151007073715.0
008 781108s1913 nyua 00011 eng
010 |a  13021259  
035 |a (OCoLC)04356028 
035 |9 AAF0222AM 
040 |a DLC  |c IXA  |d TXA  |d UtOrBLW 
049 |a TXAS  |c [1102890] 
050 0 0 |a PZ3.M8327  |b  I 
100 1 |a Morris, Gouverneur,  |d 1876-1953. 
245 1 0 |a If you touch them they vanish /  |c by Gouverneur Morris; with illustrations by Charles S. Chapman. 
264 1 |a New York :  |b C. Scribner's Sons,  |c 1913. 
300 |a 146 pages :  |b illustrations, (some color) ;  |c 20 cm. 
336 |a text  |b txt  |2 rdacontent 
337 |a unmediated  |b n  |2 rdamedia 
338 |a volume  |b nc  |2 rdacarrier 
999 |a MARS 
999 f f |s 2ad44071-dadb-3f7e-a3e0-196540f845ab  |i f3ed3a71-6885-39f5-894e-3a601c7bdab8  |t 0 
952 f f |p noncirc  |a Texas A&M University  |b College Station  |c Cushing Memorial Library & Archives  |d Cushing: Science Fiction (Does not check out)  |t 0  |e PZ3.M8327 I  |h Library of Congress classification  |i unmediated -- volume  |m A14800421944 
998 f f |a PZ3.M8327 I  |t 0  |l Cushing: Science Fiction (Does not check out)